1946 1367 1188 1215 1505 1858 1506 1449 1199 1156 1906 1061 1292 1497 1864 1682 1898 1849 1294 1172 1436 1340 1361 1995 1925 1972 1978 1999 1400 1505 1570 1071 1234 1552 1985 1328 1755 1362 1458 1676 1508 1212 1681 1756 1706 1344 1446 1742 1336 1210 1018 1741 1206 1888 1460 1045 1211 1454 1469 1973 1470 1450 1733 1597 1486 1388 1345 1276 1231 1216 1728 1660 1520 1832 1323 1163 1121 1710 1805 1922 1114 1795 1439 1011 1236 1362 1489 1904 1135 1999 1540 1253 1775 1515 1270 1871 1747 1845 1737 BCNSPRNW ULIB Ver.6.0+V

เปลี่ยนเป็นภาษาไทย

Change to English
 แสดงรายละเอียดบรรณานุกรม
  กลับหน้าหลัก

Brief Record : Get Marc (ISO 2709) : E-mail record : QR code < ปิดหน้าต่าง
LEADER : 00000nam 2200000uu 4500
001    13399114277
003     ULIB
008    120315s||||||||th 000 0 tha d
020    ^a9789741111015
060 04 ^aWT100^bป525
245 00 ^aปัญหาสุขภาพที่พบบ่อยในผู้สูงอายุและการป้องกัน /^cประเสริฐ อัสสันตชัย, บรรณาธิการ
250    ^aพิมพ์ครั้งที่ 2
260    ^aกรุงเทพฯ :^bภาควิชาเวชศาสตร์ป้องกันและสังคมคณะแพทยศาสตร์ศิริราชพยาบาล มหาวิทยาลัยมหิดล,^c2554
300    ^aก-ญ, 490 หน้า :^bภาพประกอบ ;^c30 ซม.
500    ^aหนังสือได้รับรางวัลประเภทดี รางวัลตำราศิริราช-มหิดล ปี2554
650  7 ^aผู้สูงอายุ^xสุขภาพและอนามัย
650  7 ^aผู้สูงอายุ
650  7 ^aรางวัลตำราศิริราช-มหิดล
653    ^aผลงานอาจารย์คณะแพทยศาสตร์ศิริราชพยาบาล
700 0  ^aประเสริฐ อัสสันตชัย,^eบรรณาธิการ
710 2  ^aมหาวิทยาลัยมหิดล. ^bคณะแพทยศาสตร์ศิริราชพยาบาล.^bภาควิชาเวชศาสตร์ป้องกันและสังคม
945    ^p800^l0^i031306
945    ^p800^l0^i031307
945    ^p800^l0^i031308
945    ^p800^l0^i031309
945    ^p800^l0^i031310
945    ^p800^l0^i031311
945    ^p800^l0^i031312
995    ^aเกษร
999    ^aใช้งานได้ทุกระบบ
รายการนี้ยังไม่มีแท็ก
คุณยังไม่ได้ล็อกอิน คุณสามารถมีกิจกรรมร่วมกับเว็บไซต์ได้ แต่ต้องล็อกอินก่อน ::
  ล็อกอิน

รายการสื่อสารสนเทศ

ลำดับที่ ประเภท เลขเรียก/บาร์โค้ด สถานที่ สถานะ
1. วิทยาศาสตร์การแพทย์ และสุขภาพ
หนังสือสำรอง
สถานะ=หนังสือสำรอง
WT100 ป525 ฉ.1 
  Barcode: 031306
ห้องสมุดวิทยาเขตสวรรค์ประชารักษ์
►ส่วนจัดเก็บหนังสือเก่า สปร
บนชั้น
  ขอยืม
2. วิทยาศาสตร์การแพทย์ และสุขภาพ
วิทยาศาสตร์การแพทย์ และสุขภาพ
WT100 ป525 ฉ.2 
  Barcode: 031307
ห้องสมุดวิทยาเขตสวรรค์ประชารักษ์
►ส่วนจัดเก็บหนังสือเก่า สปร
บนชั้น
  ขอยืม
3. วิทยาศาสตร์การแพทย์ และสุขภาพ
วิทยาศาสตร์การแพทย์ และสุขภาพ
WT100 ป525 ฉ.3 
  Barcode: 031308
ห้องสมุดวิทยาเขตสวรรค์ประชารักษ์
►ส่วนจัดเก็บหนังสือเก่า สปร
บนชั้น
  ขอยืม
4. วิทยาศาสตร์การแพทย์ และสุขภาพ
วิทยาศาสตร์การแพทย์ และสุขภาพ
WT100 ป525 ฉ.4 
  Barcode: 031309
ห้องสมุดวิทยาเขตสวรรค์ประชารักษ์
►ส่วนจัดเก็บหนังสือเก่า สปร
บนชั้น
  ขอยืม
5. วิทยาศาสตร์การแพทย์ และสุขภาพ
วิทยาศาสตร์การแพทย์ และสุขภาพ
WT100 ป525 ฉ.5 
  Barcode: 031310
ห้องสมุดวิทยาเขตสวรรค์ประชารักษ์
►ส่วนจัดเก็บหนังสือเก่า สปร
บนชั้น
  ขอยืม
6. วิทยาศาสตร์การแพทย์ และสุขภาพ
วิทยาศาสตร์การแพทย์ และสุขภาพ
WT100 ป525 ฉ.6 
  Barcode: 031311
ห้องสมุดวิทยาเขตสวรรค์ประชารักษ์
►ส่วนจัดเก็บหนังสือเก่า สปร
บนชั้น
  ขอยืม

รายการใกล้เคียง
    หัวเรื่อง [ผู้สูงอายุ]
    หัวเรื่อง [รางวัลตำราศิริราช-มหิดล]

BibComment


ยังไม่เคยถูกคอมเมนท์

คอมเมนท์ทรัพยากรรายการนี้
  คอมเมนท์: ปัญหาสุขภาพที่พบ..


 Copyright 2026. Bcnsprnw @Library